000
00270nmm a2200097Ia 4500
008
220120s9999||||xx |||||||||||||||||und||
020
_a
81-7808-312-4
100
_a
Harwani, B. M
_9
5491
245
0
_a
Practical java for begineers
260
_a
Prenice hall of India
_b
New Delhi
999
_c
139602
_d
139602